Perfect physical fitness (Record no. 29081)

MARC details
000 -LEADER
fixed length control field 00262nam a2200109Ia 4500
082 ## - DEWEY DECIMAL CLASSIFICATION NUMBER
Classification number 061
Item number GOV
100 ## - MAIN ENTRY--AUTHOR NAME
Personal name Govindarajulu, I K
245 #0 - TITLE STATEMENT
Title Perfect physical fitness
260 ## - PUBLICATION, DISTRIBUTION, ETC. (IMPRINT)
Place of publication Bombay
Name of publisher IBH
Year of publication 1974
942 ## - ADDED ENTRY ELEMENTS (KOHA)
Koha item type Books
Holdings
Withdrawn status Lost status Damaged status Not for loan Home library Current library Date acquired Cost, normal purchase price Full call number Accession Number Koha item type
        RRII Library RRII Library 16/12/2021 8.00 061 GOV 09671 Books